International Rugby - 40 or more home wins - Statistics

General Stats
  • This quiz has been taken 68 times
    17 since last reset
  • The average score is 16 of 27
Answer Stats
Wins Country Player % Correct
59 New Zealand Richie McCaw
100%
51 Ireland Brian O'Driscoll
94%
43 New Zealand Dan Carter
88%
41 New Zealand Conrad Smith
81%
63 Australia George Gregan
81%
44 Australia George Smith
81%
48 New Zealand Kieran Read
81%
61 New Zealand Keven Mealamu
75%
42 New Zealand Ma'a Nonu
75%
51 New Zealand Sam Whitelock
75%
51 New Zealand Tony Woodcock
75%
42 Ireland Ronan O'Gara
69%
43 South Africa Victor Matfield
69%
40 France Fabian Pelous
63%
48 England Jason Leonard
56%
48 New Zealand Owen Franks
56%
40 Australia David Campese
50%
43 New Zealand Mils Muliaina
50%
47 Australia Nathan Sharpe
50%
47 Australia Stephen Larkham
50%
43 England Dylan Hartley
44%
42 Ireland John Hayes
44%
41 South Africa Jean De Villiers
38%
41 New Zealand Sean Fitzpatrick
25%
54 Romania Florin Vlaicu
13%
53 Romania Catalin Fercu
0%
45 Romania Valentine Calafeteanu
0%
No matching quizzes found
Score Distribution
Percent of People with Each Score
Percentile by Number Answered
Your Score History
You have not taken this quiz since the last reset